000 00718nam a22002177a 4500
003 UA-OsUOA
001 111263
007 ta
008 20150505b un ||||| |||| 00| 0 ukr d
100 _aСтишов О.А.
090 _a81
_bС80
942 _cSA
040 _aUA-OsUOA
_bukr
_cUA-OsUOA
_dUA-OsUOA
245 _aОсновні джерела поповнення фразеологічного складу української мови кінця ХХ - початку ХІХ століть
300 _aС.33-47
955 _a0
041 _aukr
080 _a81
773 0 _w111261
650 7 _a8 Мовознавство. Художня література. Літературознавство
_2UDC
999 _c397459
_d397459